Statistiken für Hauptstädte Europas - anhand der ersten beiden Buchstaben in 45 Sekunden

Klicken Sie hier um das Quiz zu spielen!

Allgemein

  • Dieses Quiz wurde 730 mal gespielt
  • Das Durchschnittsergebnis liegt bei 28 aus 45

Antwortstatistiken

Länder Hauptstädte % Korrekt
SerbienBe
96%
NiederlandeAm
92%
GriechenlandAt
86%
SlowakeiBr
81%
AndorraAn
81%
UngarnBu
79%
FinnlandHe
75%
IrlandDu
75%
NorwegenOs
74%
Vereinigtes KönigreichLo
73%
FrankreichPa
70%
PortugalLi
68%
SpanienMa
67%
TschechienPr
65%
UkraineKi
63%
DänemarkKo
63%
MonacoMo
63%
SchwedenSt
62%
LuxemburgLu
57%
ItalienRo
55%
San MarinoSa
54%
VatikanstadtVat
53%
LiechtensteinVa
53%
LettlandRi
52%
SlowenienLj
52%
WeißrusslandMi
52%
IslandRe
51%
ÖsterreichWi
47%
EstlandTa
44%
BulgarienSo
42%
MoldawienCh
41%
LitauenVi
41%
MontenegroPo
38%
MazedonienSk
38%
PolenWa
38%
KroatienZa
36%
AlbanienTi
34%

Verteilung der Resultate

Perzentil nach korrekt beantworteten Fragen

Anzahl Personen mit jedem Resultat

Ihre Resultats-Entwicklung

Sie haben dieses Quiz noch nicht gespielt